logo

Bir Sreshtho Munshi Abdur Rouf Library
Jhenaidah Cadet College

বাঙলা ভাগ হল : (Record no. 6860)

MARC details
000 -LEADER
fixed length control field 04033nam a2200253 a 4500
001 - CONTROL NUMBER
JCCL Control Number 6860
003 - CONTROL NUMBER IDENTIFIER
JCCL marc code BD-JhCC
005 - DATE AND TIME OF LATEST TRANSACTION
control field 20220802134021.0
008 - FIXED-LENGTH DATA ELEMENTS--GENERAL INFORMATION
fixed length control field 180131s2007 b ||||| |||| 00| 0 ben d
020 ## - INTERNATIONAL STANDARD BOOK NUMBER
International Standard Book Number 9840502662
035 ## - SYSTEM CONTROL NUMBER
system control number (BD-JhCC)
040 ## - CATALOGING SOURCE
Original cataloging agency BD-JhCC
Modifying agency BD-JhCC
041 ## - LANGUAGE CODE
Language code of Book ben
082 ## - DEWEY DECIMAL CLASSIFICATION NUMBER
Classification number 954.920
Author mark and Year CHA 2007
100 ## - MAIN ENTRY--PERSONAL NAME
Personal name চ্যাটার্জী, জয়া
245 ## - TITLE STATEMENT
Title বাঙলা ভাগ হল :
Remainder of title হিন্দু সাম্প্রদায়িকতা ও দেশ-বিভাগ ১৯৩২-১৯৪৭ /
Statement of responsibility, etc জয়া চ্যাটার্জী
260 ## - PUBLICATION, DISTRIBUTION, ETC. (IMPRINT)
Place of publication, distribution, etc ঢাকা :
Name of publisher, distributor, etc দি ইউনিভারসিটি,
Date of publication, distribution, etc ২০০৭
300 ## - PHYSICAL DESCRIPTION
Pagination 367 p. :
Dimensions 22cm.
520 ## - SUMMARY, ETC.
Summary, etc ভারত বিভাগ সম্পর্কে আগের গবেষণাগুলি বিষয়টিকে সর্বভারতীয় স্তরে ক্ষমতা হস্তান্তরের ঘটনা হিসেবে দেখেছে অথবা বিষয়টিকে ভারতীয় সংখ্যালঘু মুসলমানদের বিচ্ছিন্নতার রাজনীতির উত্থান হিসেবে মূল্যায়ন করেছে। বর্তমান গবেষণাটিতে ১৯৪৬-৪৭ সালের ঘটনাবলীকে পুনর্মূল্যায়ন করা হয়েছে, যেখানে মুসলমান সংখ্যাগরিষ্ঠ প্রদেশ বাঙলা বিভাগের দাবির পেছনে রাজনৈতিক ও সামাজিক ক্রিয়া-প্রতিক্রিয়া বিশেষভাবে সামনে উঠে এসেছে এবং হিন্দু সাম্প্রদায়িকতার উত্থানকে চিহ্নিত করা হয়েছে। চমকপ্রদ বিভিন্ন তথ্যের প্রকাশ ঘটিয়ে লেখিকা এখানে দেখিয়েছেন যে, বাঙলার হিন্দু সমাজের একটি বৃহৎ ও ক্ষমতাধর অংশ তাদের প্রভাব পুনঃপ্রতিষ্ঠার চেষ্টায় বাঙলা বিভাগকেই একমাত্র উপায় হিসেবে বিবেচনা করেছে। এতে এই ছবিটি স্পষ্ট হয়েছে যে, স্তরে স্তরে বিভক্ত ও পরস্পর বিচ্ছিন্ন একটি সমাজ কেমন করে ভারতীয় জাতীয়তাবাদের মূল স্রোত থেকে বেরিয়ে এসেছে এবং ক্রমাগতভাবে ক্ষুদ্র ও সংকীর্ণ বিষয়াদিতে নিজেদের নিমগ্ন করেছে। বাঙলার ইতিহাস সম্পর্কে মৌলিক ও সুচিন্তিত ব্যাখ্যা দিয়ে জয়া চ্যাটার্জী নতুন প্রজন্মের সেই সব গবেষকের অন্যতম হয়ে উঠেছেন যাঁরা ঘটনার প্রকৃত বিষয় উদ্‌ঘাটন করতে আরো বিস্তৃত পরিসরে তথ্যসূত্র জড়ো করে সে-সবের পর্যালোচনা করতে উদ্যোগী হয়েছেন এবং পূর্ববর্তী ইতিহাসবিদদের চিরাচরিত ধারণা সম্পর্কে প্রশ্ন তুলেছেন।
650 ## - SUBJECT ADDED ENTRY--TOPICAL TERM
Topical term or geographic name as entry element Communalism
General subdivision History
650 ## - SUBJECT ADDED ENTRY--TOPICAL TERM
Topical term or geographic name as entry element Partitions of Bangladesh ( India: 1947)
942 ## - ADDED ENTRY ELEMENTS (KOHA)
Source of classification or shelving scheme Dewey Decimal Classification
Koha item type Books
Koha issues (borrowed), all copies 4
Holdings
Source of classification or shelving scheme Damaged status Not for loan Home library Current library Shelving location Date of accession Total Checkouts Full call number Barcode Checked out Date last seen Date checked out Copy number Koha item type
Dewey Decimal Classification     JCC Rouf Library JCC Rouf Library General Stacks 08/14/2025 4 954.920 CHA 2007 9459 09/18/2025 08/14/2025 08/14/2025 C - 1 Books

JCC Library | Contacts | JCC Home

Last Update on 23 September 2017
Copyright @ 2017-2020 JCC Rouf Library
Rouf Library, Jhenidah Cadet College (JCC), Bangladesh